000 00490nam a2200169 a 4500
001 000042750
005 20201002040353.0
008 140206s1971 sp 000 0 spa d
040 _aDO-SdBNP
_bspa
_cBNPHU
082 _axxx
_bG211c
100 1 _aGaos, Vicente
_947407
245 1 0 _aClaves de Literatura EspaƱola :
_b2, Siglo xx /
_cVicente Gaos.
260 _aMadrid :
_bGuadarrama,
_c1971.
300 _a398 P. ;
_c18 cm.
490 1 _aPunto omega
_v138
830 0 _aPunto omega
_n138
_970073
999 _c42239
_d42239